Zde nejsou lvi, ale outsourcing v IT

Outsourcing v IT. Čo je outsourcing. Rozdiel medzi externým dodávateľom a outsourcingom. Využitie outsourcingu v účtovníctve a IT. Výhody a riziká outsourcingu. Služby outsourcingu v oblasti informačných technológií a informačných systémov. Rozsah služieb.

Gespeichert in:
Bibliographische Detailangaben
1. Verfasser: Kocman, Jean
Weitere Verfasser: Brodský, Zdeněk
Format: Buchkapitel
Sprache:Tschechisch
Schlagworte:
Tags: Tag hinzufügen
Keine Tags, Fügen Sie das erste Tag hinzu!

MARC

LEADER 00000naa$a2200000$$$4500
001 0006206
005 20231018123907.5
041 0 |a cze 
044 |a CZ 
245 1 0 |a Zde nejsou lvi, ale outsourcing v IT  |c aut. Jean Kocman, Zdeněk Brodský 
520 |a Outsourcing v IT. Čo je outsourcing. Rozdiel medzi externým dodávateľom a outsourcingom. Využitie outsourcingu v účtovníctve a IT. Výhody a riziká outsourcingu. Služby outsourcingu v oblasti informačných technológií a informačných systémov. Rozsah služieb. 
610 2 0 |a outsourcing 
610 2 0 |a technológie informačné 
610 2 0 |a systémy informačné 
610 2 0 |a riadenie 
610 2 0 |a manažment 
100 1 |a Kocman, Jean 
700 1 |a Brodský, Zdeněk